La lettera ai Romani (Record n. 339357)
[ formato base ]
| 000 -LEADER | |
|---|---|
| fixed length control field | 01187nam a2200277Ia 4500 |
| 001 - CONTROL NUMBER | |
| control field | 227.1-Rm SCH he (13465) |
| 003 - CONTROL NUMBER IDENTIFIER | |
| control field | IT-MiSPE |
| 008 - FIXED-LENGTH DATA ELEMENTS--GENERAL INFORMATION | |
| fixed length control field | 171229s9999||||xx |||||||||||||| ||und|| |
| 040 ## - CATALOGING SOURCE | |
| Original cataloging agency | IT-MiSPE |
| Transcribing agency | IT-MiSPE |
| 041 ## - LANGUAGE CODE | |
| Language code of text/sound track or separate title | ITALIANO |
| 999 ## - SYSTEM CONTROL NUMBERS (KOHA) | |
| Koha Dewey Subclass [OBSOLETE] | NO |
| 100 ## - MAIN ENTRY--PERSONAL NAME | |
| Personal name | Heinrich Schlier |
| 240 ## - UNIFORM TITLE | |
| Uniform title | Der Römerbrief |
| 245 #0 - TITLE STATEMENT | |
| Title | La lettera ai Romani |
| Remainder of title | Testo greco e traduzione |
| 250 ## - EDITION STATEMENT | |
| Edition statement | 1a ed. (v) |
| 260 ## - PUBLICATION, DISTRIBUTION, ETC. (IMPRINT) | |
| Place of publication, distribution, etc. | Brescia |
| Name of publisher, distributor, etc. | Paideia |
| Date of publication, distribution, etc. | 1982 |
| 300 ## - PHYSICAL DESCRIPTION | |
| Extent | 729 p. |
| Dimensions | 23 cm |
| 490 ## - SERIES STATEMENT | |
| Series statement | Commentario teologico del NT |
| Volume/sequential designation | 6 |
| 501 ## - WITH NOTE | |
| With note | Edizioni San Paolo srl - Piazza Soncino, 5 - 20092 CINISELLO BALSAMO (MI) (non commercial uses only) ® Copyright 2018 |
| 520 ## - SUMMARY, ETC. | |
| Summary, etc. | Emero Soffritti (ed. it.). Ed. bilingue |
| 650 ## - SUBJECT ADDED ENTRY--TOPICAL TERM | |
| Topical term or geographic name as entry element | BIBBIA. NT. Lettera ai Romani |
| 700 ## - ADDED ENTRY--PERSONAL NAME | |
| Personal name | Giovanni Torti |
| Miscellaneous information | (traduzione) |
| 700 ## - ADDED ENTRY--PERSONAL NAME | |
| Personal name | Roberto Favero |
| 942 ## - ADDED ENTRY ELEMENTS (KOHA) | |
| Koha item type | LIBRO |
| 957 ## - | |
| -- | 1 |
| 999 ## - SYSTEM CONTROL NUMBERS (KOHA) | |
| -- | Copie: 1 |
| Withdrawn status | Lost status | Damaged status | Not for loan | Home library | Current library | Date acquired | Total Checkouts | Full call number | Date last seen | Price effective from | Koha item type | Public note |
|---|---|---|---|---|---|---|---|---|---|---|---|---|
| Buone Condizioni | Not For Loan | CINISELLO | CINISELLO | 30/12/2017 | 227.1-Rm SCH he (13465) | 30/12/2017 | 30/12/2017 | LIBRO | (data import: 20 dicembre 2017) - By Epidotti, Vaglietti. |